| 000 | 00377nam a22001577a 4500 | ||
|---|---|---|---|
| 020 | _a978-0-19-806464-0 | ||
| 082 |
_a030 _bSOA/O |
||
| 100 | _aSOANES, CATHERINE | ||
| 100 | _aFERGUSON, SHEILA | ||
| 245 | _aOXFORD A-Z OF SPELLING | ||
| 250 | _aFIRST EDITION | ||
| 260 |
_aDELHI _bOXFORD UNIVERSITY PRESS _c2010 |
||
| 300 | _a140 | ||
| 650 |
_aDICTIONARY _zINDIA |
||
| 942 | _cBK | ||
| 999 |
_c1721 _d1721 |
||